1526 1243 1726 1644 1569 1411 1809 1365 1279 1042 1564 1028 1460 1582 1546 1027 1656 1049 1101 1482 1146 1002 1609 1322 1550 1870 1708 1366 1236 1645 1704 1854 1942 1740 1595 1714 1116 1697 1084 1612 1383 1749 1381 1258 1062 1399 1574 1125 1156 1559 1087 1493 1990 1928 1209 1708 1022 1684 1571 1020 1844 1400 1673 1934 1389 1580 1766 1680 1262 1829 1148 1064 1994 1573 1689 1198 1012 1950 1122 1514 1376 1989 1166 1897 1276 1901 1262 1595 1712 1821 1762 1933 1616 1459 1766 1250 1066 1283 1908 BCNSPRNW ULIB Ver.6.0+V

เปลี่ยนเป็นภาษาไทย

Change to English
 แสดงรายละเอียดบรรณานุกรม
  กลับหน้าหลัก

Brief Record : Get Marc (ISO 2709) : E-mail record : QR code < ปิดหน้าต่าง
LEADER : 00000nas 2200000uu 4500
001    13399123851
003     ULIB
008    141212s||||||||th 000 0 tha d
022 0  ^a16851741
245 00 ^aวารสารลูกช้างสัมพันธ์/^cมหาวิทยาลัยเชียงใหม่
246 0  ^aChiang Mai University Alumni Magazine
310    ^aรายสี่เดือน
850 ^a ULIB^bปีที่ 13 ฉบับที่ 2 ฉ.1 ;ปีที่ 14 ฉบับที่ 3 ฉ.1 ;ปีที่ 15 ฉบับที่ 1 ฉ.1 ;ปีที่ 14 ฉบับที่ 3 ฉ.1 ;ปีที่ 15 ฉบับที่ 2 ฉ.1
945    ^p0^l0^i902697
945    ^p0^l0^i904002
945    ^p0^l0^i904003
945    ^p0^l0^i904030
945    ^p0^l0^i904031
999    ^aกมลทิพย์ ธนสารสุธี
รายการนี้ยังไม่มีแท็ก
คุณยังไม่ได้ล็อกอิน คุณสามารถมีกิจกรรมร่วมกับเว็บไซต์ได้ แต่ต้องล็อกอินก่อน ::
  ล็อกอิน

รายการสื่อสารสนเทศ (วารสาร)

ดูแบบ: กล่อง รายการ
ARRIVED
ปีที่ 13 ฉบับที่ 2 ฉ.1
สถานที่: ห้องสมุดวิทยาเขตสวรรค์ประชารักษ์ >วารสาร
ARRIVED
ปีที่ 14 ฉบับที่ 3 ฉ.1
สถานที่: ห้องสมุดวิทยาเขตสวรรค์ประชารักษ์ >หนังสือพิมพ์
ARRIVED
ปีที่ 15 ฉบับที่ 1 ฉ.1
สถานที่: ห้องสมุดวิทยาเขตสวรรค์ประชารักษ์ >หนังสือพิมพ์
ARRIVED
ปีที่ 15 ฉบับที่ 2 ฉ.1
สถานที่: ห้องสมุดวิทยาเขตสวรรค์ประชารักษ์ >หนังสือพิมพ์

BibComment


ยังไม่เคยถูกคอมเมนท์

คอมเมนท์ทรัพยากรรายการนี้
  คอมเมนท์: วารสารลูกช้างสัม..


 Copyright 2026. Bcnsprnw @Library